00725nam a22002297a 450000500170000000800410001702000150005804000070007304100120008008200240009210000160011624500650013226000640019730000280026136500300028944000200031965000340033965000400037365000330041365000310044670000180047720220715141624.0220715b ||||| |||| 00| 0 eng d a8186019448 cAL aEnglish 223a327.54052bNAII aG V C Naidu aIndo Japan Relations An Analysis of Issues of Common Concern aNew DelhibInstitute For Defence Studies and Analysesc2001 avi,96 p.bPBc23x15 cm. b₹150.00c₹d₹150.00 aDelhi Papers 18 aInternational Relations India aIndia International Relations Japan aUnited Nations Nuclear India aPost Cold War Period Japan aNAIDU (G V C)